| 000 | 00434nam a2200181Ia 4500 | ||
|---|---|---|---|
| 005 | 20250603145858.0 | ||
| 008 | 250603s9999 xx 000 0 und d | ||
| 020 | _a9788020023407 | ||
| 050 | _aAS 142.P73 .H57/ | ||
| 100 | _aFranc, Martin | ||
| 245 | 4 | _aThe history of the czech academy of sciences in pictures | |
| 260 | _aPraha | ||
| 260 | _bAcademia | ||
| 260 | _c2014 | ||
| 300 | _a457 p | ||
| 650 | _aPraha | ||
| 942 | _cBK | ||
| 999 |
_c43124 _d43124 |
||